Actores sociales, redes de negocios y corporaciones en Hispanoamérica, siglos XVII-XIX.
Պահպանված է:
| Հիմնական հեղինակ: | |
|---|---|
| Այլ հեղինակներ: | , |
| Ձևաչափ: | Գիրք |
| Հրապարակվել է: |
Ciudad de México, México:
Bonilla Artigas Editores S.A. de C.V.; Universidad Nacional Autónoma de México,
2018.
|
| Հրատարակություն: | Primera edición. |
| Շարք: | Pública Histórica,
|
| Խորագրեր: | |
| Ցուցիչներ: |
Ավելացրեք ցուցիչ
Չկան պիտակներ, Եղեք առաջինը, ով նշում է այս գրառումը!
|
MARC
| LEADER | 00000nam a22000007a 4500 | ||
|---|---|---|---|
| 003 | CL-VaPUC | ||
| 005 | 20221221115607.0 | ||
| 008 | 221207t2018 ||||| |||| 00| 0 eng d | ||
| 999 | |c 439598 |d 439596 | ||
| 020 | |a 978-607-8560-70-7(Bonilla Artigas Editores) | ||
| 020 | |a 978-607-30-1115-0 (UNAM) | ||
| 040 | |c Pontificia Universidad Católica de Valparaíso | ||
| 082 | 7 | |a 338.98 IBA 2018 |2 22 | |
| 100 | |a Ibarra Romero, Antonio |9 458568 |e coordinador | ||
| 245 | |a Actores sociales, redes de negocios y corporaciones en Hispanoamérica, siglos XVII-XIX. | ||
| 250 | |a Primera edición. | ||
| 260 | |a Ciudad de México, México: |b Bonilla Artigas Editores S.A. de C.V.; |b Universidad Nacional Autónoma de México, |c 2018. | ||
| 300 | |a 343 páginas. | ||
| 490 | |a Pública Histórica, |n 12. | ||
| 500 | |a c.1 Donación Prof. Raúl Buono-Core / MEMO HIS/016 - 7-11-2022 | ||
| 583 | |c 20221207 |k Cristina María Rojas Aguilar | ||
| 651 | |a América Latina |x Historia económica |9 879154 | ||
| 700 | |a Alcántara, Alvaro |e coordinador |9 879155 | ||
| 700 | |a Jumar, Fernando |e coordinador |9 879156 | ||
| 942 | |2 ddc |c BK | ||
| 952 | |0 0 |1 0 |2 ddc |4 0 |6 338_980000000000000_IBA_2018 |7 0 |8 A |9 588170 |a BIBHIS |b BIBHIS |c GEN |d 2022-12-07 |e Donación |i 5655969 |o 338.98 IBA 2018 |p 5655969 |r 2025-01-20 |t 1 |w 2022-12-07 |y BK |k HIS | ||